A course in electrical engineering (Record no. 194624)
[ view plain ]
| 000 -LEADER | |
|---|---|
| fixed length control field | 00978 a2200181 4500 |
| 003 - CONTROL NUMBER IDENTIFIER | |
| control field | Nust |
| 005 - DATE AND TIME OF LATEST TRANSACTION | |
| control field | 20170207154159.0 |
| 040 ## - CATALOGING SOURCE | |
| Transcribing agency | Nust |
| 082 ## - DEWEY DECIMAL CLASSIFICATION NUMBER | |
| Classification number | 621.3 |
| 100 ## - MAIN ENTRY--PERSONAL NAME | |
| Personal name | Dawes, Chester L. |
| 245 ## - TITLE STATEMENT | |
| Title | A course in electrical engineering |
| Remainder of title | vol. 1 direct currents |
| Statement of responsibility, etc. | Chester L. Dawes |
| 250 ## - EDITION STATEMENT | |
| Edition statement | 4th. |
| 260 ## - PUBLICATION, DISTRIBUTION, ETC. | |
| Place of publication, distribution, etc. | New York |
| Name of publisher, distributor, etc. | McGraw Hill |
| Date of publication, distribution, etc. | 1982 |
| 300 ## - PHYSICAL DESCRIPTION | |
| Extent | 736 p. |
| 505 ## - FORMATTED CONTENTS NOTE | |
| Formatted contents note | Resistance (Page-2), Ohm’s Law And The Electric Circuit (Page-27), Battery Electromotive Forces (Page-55), Primary And Secondary Batteries (Page-95), Electrical Instruments And Electrical Measurements (Page-137), Magnetism And Permanent Magnets (Page-196), Electromagnetism (Page-228), The Magnetic Circuit (Page-248), Self And Mutual Inductance (Page-297), Electrostatics (Page-323), The Generator (Page-366), Generator Characteristics (Page-404), The Motor (Page-479), Transmission And Distribution Of Power (Page-551). |
| 538 ## - SYSTEM DETAILS NOTE | |
| System details note | Almirah No.127 Shelf No.1 |
| 650 ## - SUBJECT ADDED ENTRY--TOPICAL TERM | |
| Topical term or geographic name entry element | Electrical engineering |
| 942 ## - ADDED ENTRY ELEMENTS (KOHA) | |
| Source of classification or shelving scheme | |
| Koha item type | Book |
| Withdrawn status | Lost status | Source of classification or shelving scheme | Damaged status | Not for loan | Collection code | Permanent Location | Current Location | Date acquired | Total Checkouts | Full call number | Barcode | Date last seen | Price effective from | Koha item type |
|---|---|---|---|---|---|---|---|---|---|---|---|---|---|---|
| Military College of Signals (MCS) | Military College of Signals (MCS) | 12/12/2016 | 621.3 CUR | MCS13317 | 12/08/2016 | 12/12/2016 | Book |
